[Event "Abierto Legislatura Norberto La Porta in memoriam"]
[Site "Buenos Aires, ARG"]
[Date "2009.04.14"]
[Round "7.39"]
[White "Echeguren, Gustavo"]
[Black "Salvatti, Diego"]
[Result "1/2-1/2"]
[WhiteElo "2040"]
[BlackElo "2142"]

1. e4 c6 2. d4 g6 3. Nf3 d5 4. Nbd2 Bg4 5. Be2 Bg7 6. c3 Nf6 7. h3 Bxf3 8.
Bxf3 O-O 9. O-O e6 10. exd5 exd5 11. Re1 Nbd7 12. Nb3 Qc7 13. Bg5 Rfe8 14. Qc2
Qd6 15. Qd2 Qf8 16. Qd3 Rxe1+ 17. Rxe1 Re8 18. Rxe8 Qxe8 19. Qe3 Qxe3 20.
Bxe3 1/2-1/2

[Event "Abierto Legislatura Norberto La Porta in memoriam"]
[Site "Buenos Aires, ARG"]
[Date "2009.04.14"]
[Round "7.40"]
[White "Vigil, Lucas"]
[Black "Godoy, Carlos"]
[Result "1-0"]
[WhiteElo "1978"]
[BlackElo "2128"]

1. d4 d5 2. c4 c6 3. Nc3 Nf6 4. Bg5 e6 5. e3 Nbd7 6. Nf3 Bb4 7. Qb3 Qa5 8.
Rc1 Ne4 9. Bf4 g5 10. cxd5 gxf4 11. dxe6 Ndf6 12. exf7+ Kf8 13. Bd3 Nxf2 14.
Kxf2 Ng4+ 15. Ke2 Nxe3 16. g3 Bg4 17. gxf4 Ng2 18. Rhg1 Nxf4+ 19. Ke3 Nxd3 20.
Rxg4 Qf5 21. Rcg1 h5 22. Re4 Qxf7 23. Qxf7+ Kxf7 24. Kxd3 Rae8 25. Ne5+ 1-0

[Event "Abierto Legislatura Norberto La Porta in memoriam"]
[Site "Buenos Aires, ARG"]
[Date "2009.04.14"]
[Round "7.41"]
[White "Contessotto, Enrique"]
[Black "Barros Uriburu, Nicolas"]
[Result "1-0"]
[WhiteElo "2124"]
[BlackElo "1747"]

1. e4 c5 2. Nf3 Nc6 3. d3 e6 4. Nbd2 d5 5. g3 Nf6 6. Bg2 Be7 7. O-O O-O 8. e5
Nd7 9. Re1 b6 10. Nf1 Bb7 11. h4 Re8 12. Bf4 Rc8 13. Qe2 Qc7 14. Rac1 Qb8
15. N1h2 Bd8 16. Ng5 Bxg5 17. hxg5 Ne7 18. Qh5 Nf8 19. Ng4 Nfg6 20. f3 Nf5 21.
Kf2 Kf8 22. Nf6 gxf6 23. gxf6 Red8 24. Qxh7 Ke8 25. Qg8+ Nf8 26. Rh1 Rc7 27.
Qxf8+ Kd7 28. Qxf7+ 1-0

[Event "Abierto Legislatura Norberto La Porta in memoriam"]
[Site "Buenos Aires, ARG"]
[Date "2009.04.14"]
[Round "7.42"]
[White "Ocampos, Ian"]
[Black "Ruperez, Miguel Angel"]
[Result "0-1"]
[WhiteElo "1973"]
[BlackElo "2118"]

1. e4 c5 2. Nf3 d6 3. d4 cxd4 4. Nxd4 Nf6 5. f3 e6 6. c4 Be7 7. Nc3 O-O 8.
Be3 Nc6 9. Nc2 d5 10. cxd5 exd5 11. Nxd5 Nxd5 12. Qxd5 Qc7 13. Be2 Be6 14. Qh5
Bf6 15. O-O Bxb2 16. Rab1 Bf6 17. a3 Ba2 18. Rbe1 Rfe8 19. f4 Rxe4 20. Bd3 g6
21. Qg4 Ne5 22. Qe2 Nxd3 23. Qxd3 Rae8 24. Bxa7 Bc4 25. Qf3 Rxe1 26. Rxe1
Rxe1+ 27. Nxe1 b6 28. Qa8+ Kg7 29. Bb8 Qc5+ 30. Kh1 Bd5 31. Qa6 Qf2 32. Nf3
Bxf3 33. gxf3 Qxf3+ 34. Kg1 Bd4# 0-1

[Event "Abierto Legislatura Norberto La Porta in memoriam"]
[Site "Buenos Aires, ARG"]
[Date "2009.04.14"]
[Round "7.47"]
[White "Pineiro, Dario"]
[Black "Uelf, Maximiliano"]
[Result "1-0"]
[WhiteElo "1949"]
[BlackElo "2096"]

1. e4 a6 2. d4 b5 3. Bd3 Bb7 4. Nf3 e6 5. Nbd2 d6 6. Qe2 Nd7 7. c3 Ngf6 8. a4
c6 9. O-O Be7 10. e5 Nd5 11. Ne4 dxe5 12. Nxe5 Nxe5 13. dxe5 Qc7 14. f4
O-O-O 15. axb5 cxb5 16. Bd2 Nb6 17. Be3 Rxd3 18. Qxd3 Qc6 19. Rf2 Nc4 20. Nd6+
Bxd6 21. exd6 Nxd6 22. Rd1 Ne4 23. Rc2 h5 24. b4 Kb8 25. c4 bxc4 26. Rxc4 Qd5
27. Qc2 Qf5 28. Rd7 Qb5 29. Rcc7 Nd6 30. Rxd6 Qxb4 31. Rxb7+ Kxb7 32. Rd7+ 1-0

[Event "Abierto Legislatura Norberto La Porta in memoriam"]
[Site "Buenos Aires, ARG"]
[Date "2009.04.14"]
[Round "7.50"]
[White "Del Castillo, Gustavo"]
[Black "Albarracin, Nicolas"]
[Result "1-0"]
[WhiteElo "2223"]
[BlackElo "2029"]

1. Nf3 d5 2. g3 Nf6 3. Bg2 e6 4. O-O c5 5. d3 Bd6 6. Nbd2 Nc6 7. e4 dxe4 8.
dxe4 e5 9. Nc4 Bc7 10. Qxd8+ Kxd8 11. Bg5 Ke7 12. Ne3 Be6 13. Nh4 g6 14. Nd5+
Bxd5 15. exd5 Na5 16. f4 h6 17. d6+ Bxd6 18. Bxf6+ Kxf6 19. fxe5+ 1-0

[Event "Abierto Legislatura Norberto La Porta in memoriam"]
[Site "Buenos Aires, ARG"]
[Date "2009.04.15"]
[Round "8.01"]
[White "Rodriguez Vila, Andres"]
[Black "Flores, Diego"]
[Result "0-1"]
[WhiteElo "2524"]
[BlackElo "2585"]

1. d4 Nf6 2. Bg5 Ne4 3. Bf4 c5 4. f3 Qa5+ 5. c3 Nf6 6. Nd2 cxd4 7. Nb3 Qd8 8.
Bxb8 Rxb8 9. Qxd4 b6 10. e4 e6 11. O-O-O Qc7 12. Kb1 Bc5 13. Nxc5 bxc5 14.
Qd6 Qxd6 15. Rxd6 Ke7 16. Rd2 g5 17. h4 g4 18. Ne2 gxf3 19. gxf3 Bb7 20. Rg1
d5 21. e5 Nd7 22. f4 Rhg8 23. Rg5 f6 24. Rh5 Rg7 25. Nc1 Rf8 26. Rg2 Rfg8 27.
Rxh7 Rxh7 28. Rxg8 fxe5 29. fxe5 Nxe5 30. Nd3 Nd7 31. Rg4 c4 32. Nf4 e5 33.
Ng6+ Kf6 34. Be2 Rh6 35. h5 Rxh5 36. Nh4 Rg5 37. Rxg5 Kxg5 38. Nf3+ Kf4 39.
Ne1 Ke3 40. Bg4 Nf6 41. Ng2+ Kd2 42. Bh3 a5 43. Bf5 Bc6 44. Be6 Bd7 45. Bxd7
Nxd7 46. a4 Nc5 0-1

[Event "Abierto Legislatura Norberto La Porta in memoriam"]
[Site "Buenos Aires, ARG"]
[Date "2009.04.15"]
[Round "8.02"]
[White "Real De Azua, Ernesto"]
[Black "Goldwaser, Christian"]
[Result "0-1"]
[WhiteElo "2446"]
[BlackElo "2361"]

1. d4 d5 2. c4 dxc4 3. Nf3 Nf6 4. e3 Bg4 5. Bxc4 e6 6. Nc3 a6 7. h3 Bh5 8. g4
Bg6 9. Ne5 c5 10. Nxg6 hxg6 11. g5 Nfd7 12. Qg4 Nc6 13. O-O Rh5 14. f4 cxd4
15. exd4 Nxd4 16. Rd1 Qc7 17. Bd3 Bc5 18. Kg2 O-O-O 19. Be3 Nf5 20. Bxc5 Nh4+
21. Kf1 Nxc5 22. Be2 Rxd1+ 23. Nxd1 Nf5 0-1

[Event "Abierto Legislatura Norberto La Porta in memoriam"]
[Site "Buenos Aires, ARG"]
[Date "2009.04.15"]
[Round "8.03"]
[White "Cubas, Jose Fernando"]
[Black "Villanueva, Mario"]
[Result "1-0"]
[WhiteElo "2434"]
[BlackElo "2311"]

1. e4 e5 2. Bc4 Nf6 3. Qe2 Nc6 4. Nf3 Be7 5. c3 O-O 6. Bb3 d6 7. d3 Kh8 8. h3
Nd7 9. Bc2 f5 10. exf5 Rxf5 11. d4 Rf8 12. d5 Ncb8 13. c4 a5 14. Nc3 Na6 15.
Be3 Ndc5 16. O-O Bf5 17. Bxf5 Rxf5 18. Nd2 Bg5 19. Qg4 Bxe3 20. fxe3 Rxf1+
21. Rxf1 Qd7 22. Qh5 Kg8 23. Nde4 Qe7 24. Ng3 g6 25. Qg4 Rf8 26. Nce4 Rxf1+
27. Kxf1 b6 28. Ke2 Nxe4 29. Nxe4 Kg7 30. b3 Nc5 31. Nxc5 bxc5 32. Qc8 Qf7 33.
Qa6 Qf5 34. Qxa5 Qc2+ 35. Qd2 Qb1 36. Kf2 h5 37. Kg3 Qg1 38. h4 Qb1 39. Qa5
Kh6 40. Kh2 Qe4 41. Qe1 Qc2 42. Qg3 Qxa2 43. Qg5+ Kg7 44. Qe7+ Kh8 45. Qxc7
Qxb3 46. Qxd6 Qxe3 47. Qxg6 Qf4+ 48. Kh3 Qe3+ 49. Kh2 Qf4+ 50. Qg3 Qxc4 51.
Qxe5+ Kg8 52. Qg5+ Kf8 53. Qxh5 Qf4+ 54. Kh3 c4 55. Qg6 Qe3+ 56. g3 Ke7 57. d6+
Kd7 58. Qf7+ Kxd6 59. Qxc4 Qe1 60. h5 Ke7 61. Qf4 Qd1 62. Kh4 Qh1+ 63. Kg5
Qd5+ 64. Qf5 Qg8+ 65. Kh4 Qc4+ 66. g4 1-0

[Event "Abierto Legislatura Norberto La Porta in memoriam"]
[Site "Buenos Aires, ARG"]
[Date "2009.04.15"]
[Round "8.04"]
[White "Valerga, Diego"]
[Black "Bianchi, Lucas"]
[Result "1-0"]
[WhiteElo "2523"]
[BlackElo "2090"]

1. d4 Nf6 2. c4 g6 3. Nc3 Bg7 4. e4 d6 5. Nf3 O-O 6. Be2 e5 7. O-O Nc6 8. d5
Ne7 9. b4 Nd7 10. Ba3 a5 11. bxa5 Rxa5 12. Bb4 Ra8 13. a4 f5 14. Ng5 Nf6 15.
c5 fxe4 16. Ngxe4 Nf5 17. Bd3 Nh5 18. Nb5 Nf4 19. cxd6 Nxg2 20. dxc7 Qh4 21.
Kxg2 Nh6 22. f3 Bh3+ 23. Kg1 Bxf1 24. Bxf1 Rf4 25. Be1 Qh5 26. Bg3 1-0

[Event "Abierto Legislatura Norberto La Porta in memoriam"]
[Site "Buenos Aires, ARG"]
[Date "2009.04.15"]
[Round "8.05"]
[White "Mareco, Sandro"]
[Black "Wisniacki, Flavio"]
[Result "1/2-1/2"]
[WhiteElo "2512"]
[BlackElo "2297"]

1. d4 Nf6 2. c4 e6 3. Nc3 d5 4. Bg5 Be7 5. e3 O-O 6. Nf3 Nbd7 7. Rc1 c6 8.
Bd3 h6 9. Bh4 dxc4 10. Bxc4 Nd5 11. Bg3 Nxc3 12. bxc3 c5 13. O-O cxd4 14. cxd4
b6 15. Bb5 Nb8 16. e4 Bd7 17. Bd3 Nc6 18. d5 exd5 19. exd5 Nb4 20. Bc4 b5 21.
Bb3 Bg4 22. d6 Bg5 23. Rc7 Qf6 24. Re1 Rad8 25. Ree7 Bh5 26. a3 Na6 27. Rxa7
Nc5 28. Be5 Qf5 29. Bc2 Qg4 30. h3 Qc4 31. Rec7 Bxf3 32. Qxf3 Rd7 33. Rxc5
Qxc5 34. Qe4 Qxc2 35. Qxc2 Rxa7 36. Qc5 Rfa8 37. Bb2 Rd7 38. f4 Bf6 39. Be5
Rb7 40. Kf1 Kh7 41. Bxf6 gxf6 42. Qd5 Raa7 43. Ke2 Rd7 44. g4 Kg7 45. g5 fxg5
46. fxg5 hxg5 47. Qxg5+ Kh7 48. Qh5+ Kg7 49. Qg5+ Kh7 50. Qf6 Kg8 51. Qe5 Ra8
52. Qg5+ Kf8 53. Qh6+ Kg8 54. Qg5+ Kf8 55. Qh6+ 1/2-1/2

[Event "Abierto Legislatura Norberto La Porta in memoriam"]
[Site "Buenos Aires, ARG"]
[Date "2009.04.15"]
[Round "8.06"]
[White "Quiroga, Facundo"]
[Black "Slipak, Sergio"]
[Result "0-1"]
[WhiteElo "2329"]
[BlackElo "2446"]

1. Nf3 c5 2. e4 d6 3. d4 cxd4 4. Nxd4 Nf6 5. Nc3 e6 6. Be3 Be7 7. f3 O-O 8.
Qd2 Nc6 9. O-O-O a6 10. g4 Nxd4 11. Bxd4 Nd7 12. h4 b5 13. g5 Bb7 14. Qf2 b4
15. Ne2 a5 16. Kb1 a4 17. Ng3 Qa5 18. Bd3 Rfc8 19. f4 Nc5 20. Bxc5 Rxc5 21. f5
Rc7 22. Qf4 Qc5 23. Rhf1 Bf8 24. fxe6 fxe6 25. g6 hxg6 26. e5 Qxe5 27. Qxe5
dxe5 28. Bxg6 a3 29. b3 Bc5 30. Ne4 Bxe4 31. Bxe4 Rf8 32. Rxf8+ Kxf8 33. Bg6
Ke7 34. h5 Bd4 35. Rf1 Kd6 36. Kc1 Rc3 37. Kd2 Rh3 38. Rf8 Bc3+ 39. Ke2 Rh1
40. Rf1 Rh4 41. Rd1+ Bd4 42. Kf3 Kd5 43. Re1 Rf4+ 44. Kg2 e4 45. Kg3 Ke5 46.
Rd1 e3 47. Bd3 Rf2 48. Rf1 Rxf1 49. Bxf1 Bb6 50. Bc4 Kd4 51. Kf3 {Planilla
Ilegible} 0-1

[Event "Abierto Legislatura Norberto La Porta in memoriam"]
[Site "Buenos Aires, ARG"]
[Date "2009.04.15"]
[Round "8.07"]
[White "Blit, Jacques"]
[Black "Bronstein, Luis Marcos"]
[Result "1/2-1/2"]
[WhiteElo "2324"]
[BlackElo "2401"]

1. e4 c5 2. Nf3 e6 3. d4 cxd4 4. Nxd4 Nc6 5. Nxc6 bxc6 6. Bd3 Nf6 7. O-O e5
8. Nd2 d6 9. b3 Bg4 10. Be2 Be6 11. Bb2 Be7 12. Bc4 Qd7 13. Bxe6 Qxe6 14. Qe2
1/2-1/2

[Event "Abierto Legislatura Norberto La Porta in memoriam"]
[Site "Buenos Aires, ARG"]
[Date "2009.04.15"]
[Round "8.08"]
[White "Rodriguez, Jorge Luis"]
[Black "Landriel, Mario"]
[Result "1-0"]
[WhiteElo "2393"]
[BlackElo "2271"]

1. Nf3 Nf6 2. c4 c6 3. Nc3 g6 4. e4 d6 5. d4 Bg7 6. Be2 O-O 7. O-O Nbd7 8. e5
Ne8 9. Bf4 dxe5 10. dxe5 Nc7 11. Re1 Ne6 12. Bg3 a5 13. Qc1 a4 14. b4 axb3
15. axb3 Rxa1 16. Qxa1 Qb6 17. Bd1 Ndc5 18. Qa3 Rd8 19. Bc2 Nd4 20. Nxd4 Rxd4
21. Rd1 Rxd1+ 22. Nxd1 Bf8 23. Ne3 Be6 24. h3 Na6 25. Qa1 Qb4 26. Qd1 Nc5 27.
Kh2 Qc3 28. Qd8 Nxb3 29. Bxb3 Qxb3 30. Bf4 Kg7 31. Bh6+ Kxh6 32. Qxf8+ Kg5
33. g3 Qb2 34. Qxe7+ Kh6 35. Qf8+ Kg5 36. Qd8+ Kh6 37. Qf6 Qd4 38. g4 b5 39.
cxb5 cxb5 40. Kg3 Qd3 41. g5+ 1-0

[Event "Abierto Legislatura Norberto La Porta in memoriam"]
[Site "Buenos Aires, ARG"]
[Date "2009.04.15"]
[Round "8.09"]
[White "Varela, Gaston"]
[Black "Tristan, Leonardo"]
[Result "0-1"]
[WhiteElo "2323"]
[BlackElo "2393"]

1. d4 Nf6 2. Nf3 c5 3. d5 g6 4. Nc3 Bg7 5. e4 d6 6. Bb5+ Bd7 7. a4 O-O 8. h3
Bxb5 9. axb5 Nbd7 10. O-O Nb6 11. Bf4 Ne8 12. Qe2 Nc7 13. Rfd1 Qd7 14. e5
Rfd8 15. g4 Qe8 16. Bg3 c4 17. Ra5 dxe5 18. Nxe5 Ncxd5 19. Nxd5 Nxd5 20. Rda1
Rac8 21. c3 b6 22. Rxa7 Qxb5 23. R7a4 Bxe5 24. Bxe5 Qc6 25. Bg3 Rd7 26. Kh2 Nf6
27. Ra7 Rcd8 28. Rxd7 Rxd7 29. Qe5 Qb7 30. Re1 h6 31. Qf4 Qd5 32. Qxh6 Ne4
33. Qe3 Nd2 34. Ra1 Nf3+ 35. Kg2 Nh4+ 0-1

[Event "Abierto Legislatura Norberto La Porta in memoriam"]
[Site "Buenos Aires, ARG"]
[Date "2009.04.15"]
[Round "8.10"]
[White "Perez Ponsa, Federico"]
[Black "Gimenez, Santiago"]
[Result "1-0"]
[WhiteElo "2389"]
[BlackElo "2112"]

1. e4 c5 2. Nf3 d6 3. d4 cxd4 4. Nxd4 Nf6 5. Nc3 a6 6. Bg5 e6 7. f4 Qb6 8.
Qd2 Qxb2 9. Rb1 Qa3 10. e5 dxe5 11. fxe5 Nfd7 12. Ne4 h6 13. Bh4 Qxa2 14. Rd1
Qd5 15. Qe3 Qxe5 16. Be2 Bc5 17. Bg3 Bxd4 18. Rxd4 Qa5+ 19. Rd2 O-O 20. Bd6
Rd8 21. Qg3 Qf5 22. Be5 Qg6 23. Qh4 Nc6 24. Bh5 Qf5 25. Bxg7 Nc5 26. Nxc5 Kxg7
27. Rf1 Qe5+ 28. Ne4 Qa1+ 29. Rd1 Rxd1+ 30. Bxd1 Qe5 31. Rf6 Bd7 32. Qxh6+
Kg8 33. Rf4 Ne7 34. Be2 Qa1+ 35. Kd2 Qa5+ 36. c3 Qa2+ 37. Ke1 Qb1+ 38. Bd1 f5
39. Ng5 Be8 40. Qh7+ 1-0

[Event "Abierto Legislatura Norberto La Porta in memoriam"]
[Site "Buenos Aires, ARG"]
[Date "2009.04.15"]
[Round "8.11"]
[White "Della Morte, German"]
[Black "Paveto, Kevin"]
[Result "0-1"]
[WhiteElo "2382"]
[BlackElo "2057"]

1. e4 e5 2. Nf3 Nc6 3. Bc4 Nf6 4. d3 Be7 5. O-O O-O 6. Re1 d6 7. a4 Be6 8.
Nbd2 Qd7 9. c3 Rfe8 10. a5 a6 11. Bb3 h6 12. Ba4 b5 13. axb6 cxb6 14. d4 b5 15.
d5 bxa4 16. dxe6 fxe6 17. Nc4 Qc7 18. Rxa4 Bf8 19. Ne3 Nb8 20. Nh4 Nbd7 21.
Ng4 Nxg4 22. Qxg4 Nf6 23. Qg3 Qf7 24. Qd3 d5 25. exd5 exd5 26. Qf5 Bd6 27.
Nf3 e4 28. Nd4 Re5 29. Qf4 Qd7 30. b3 Rh5 31. Qd2 Bxh2+ 32. Kf1 Be5 33. f4 Rh1+
34. Kf2 e3+ 35. Rxe3 Ng4+ 36. Ke2 Bxd4 37. Rxd4 Nxe3 38. Kxe3 Re8+ 39. Kf2
Qg4 40. Rxd5 Qh4+ 0-1

[Event "Abierto Legislatura Norberto La Porta in memoriam"]
[Site "Buenos Aires, ARG"]
[Date "2009.04.15"]
[Round "8.12"]
[White "Lida Garcia, Fernando"]
[Black "Szmetan, Jorge"]
[Result "0-1"]
[WhiteElo "2051"]
[BlackElo "2374"]

1. d4 Nf6 2. c4 c5 3. d5 b5 4. cxb5 a6 5. bxa6 g6 6. g3 Bxa6 7. Bg2 d6 8. Nc3
Bg7 9. Nf3 Nbd7 10. h3 O-O 11. O-O Nb6 12. Re1 Qc7 13. e4 Nfd7 14. Bg5 Nc4
15. Qc1 Rfb8 16. Re2 Nce5 17. Rc2 Nxf3+ 18. Bxf3 Ne5 19. Qd1 Nd3 20. Qd2 Qa5
21. Be2 Rxb2 22. Bxd3 Rxc2 23. Qxc2 Qxc3 24. Qxc3 Bxc3 25. Rd1 f6 26. Bf4 Bxd3
27. Rxd3 Bb4 28. Bd2 Bxd2 29. Rxd2 f5 30. exf5 gxf5 31. g4 Ra3 32. Kg2 f4
33. h4 Kf7 34. f3 e6 35. dxe6+ Kxe6 36. Re2+ Kd5 37. Kf2 c4 38. g5 Kd4 39. Re4+
Kd3 40. Re6 d5 41. h5 Rxa2+ 42. Kf1 Rh2 43. Rh6 c3 44. Rd6 d4 0-1

[Event "Abierto Legislatura Norberto La Porta in memoriam"]
[Site "Buenos Aires, ARG"]
[Date "2009.04.15"]
[Round "8.13"]
[White "Filgueira, Hernan"]
[Black "Gallego, Ignacio"]
[Result "1-0"]
[WhiteElo "2354"]
[BlackElo "1968"]

1. d4 Nf6 2. Nf3 g6 3. Bf4 Bg7 4. e3 O-O 5. h3 d6 6. Be2 Nbd7 7. c4 Qe8 8.
Nc3 c6 9. O-O e5 10. Bh2 Qe7 11. b4 e4 12. Nd2 d5 13. Qb3 dxc4 14. Nxc4 Nb6 15.
Bd6 Qd8 16. Bxf8 Qxf8 17. Nxb6 axb6 18. b5 Be6 19. Bc4 Ra3 20. Bxe6 Rxb3 21.
Bxb3 c5 22. Ne2 Nh5 23. Rac1 Kh8 24. Rfd1 f5 25. dxc5 bxc5 26. Rd7 b6 27.
Rcd1 Bf6 28. g4 fxg4 29. hxg4 Bh4 30. Rf7 1-0

[Event "Abierto Legislatura Norberto La Porta in memoriam"]
[Site "Buenos Aires, ARG"]
[Date "2009.04.15"]
[Round "8.14"]
[White "Paternoste, Martin"]
[Black "Schweber, Samuel"]
[Result "0-1"]
[WhiteElo "2024"]
[BlackElo "2349"]

1. Nf3 d5 2. c4 c6 3. e3 g6 4. d4 Nf6 5. Bd3 Bg7 6. O-O O-O 7. Nc3 Bf5 8.
Bxf5 gxf5 9. Ne5 e6 10. b3 Ne4 11. Ne2 Nd7 12. f3 Nd6 13. Nxd7 Qxd7 14. Qd3 Rfd8
15. c5 Nc8 16. Ng3 Ne7 17. b4 a5 18. Bd2 axb4 19. Bxb4 Ra4 20. a3 Rda8 21.
Rad1 Rd8 22. Rf2 Kh8 23. Nh5 Ng8 24. Nxg7 Kxg7 25. g4 Ne7 26. Kh1 Raa8 27. Rg2
fxg4 28. Rxg4+ Ng6 29. Be1 f5 30. Rg2 Kf7 31. Bg3 Qe7 32. Rdg1 Rg8 33. Bd6
Qd7 34. e4 Nh4 35. Rg5 h6 36. Rh5 Rxg1+ 37. Kxg1 Rg8+ 38. Kh1 dxe4 39. fxe4
fxe4 40. Qxe4 Nf5 41. Qf4 Rg6 42. Rh3 Kg8 43. Rb3 b5 44. a4 Qa7 45. d5 Nxd6 46.
Rg3 Rxg3 47. Qxg3+ Kh7 48. Qxd6 Qf7 49. h3 exd5 50. Qxc6 bxa4 51. Qa6 Qf3+
52. Kg1 Qg3+ 53. Kf1 Qxh3+ 54. Ke2 Qg4+ 55. Kd3 Qe4+ 56. Kd2 Qb4+ 57. Kd3 Qxc5
58. Qxa4 Qe7 59. Qf4 Qg5 60. Qf7+ Kh8 0-1

[Event "Abierto Legislatura Norberto La Porta in memoriam"]
[Site "Buenos Aires, ARG"]
[Date "2009.04.15"]
[Round "8.16"]
[White "Diaz Hollemaert, Nahuel"]
[Black "Rodriguez, Esteban"]
[Result "1-0"]
[WhiteElo "2443"]
[BlackElo "2151"]

1. c4 Nf6 2. g3 g6 3. Bg2 Bg7 4. Nc3 c5 5. Nf3 Nc6 6. d4 cxd4 7. Nxd4 O-O 8.
O-O Nxd4 9. Qxd4 d6 10. Qh4 a6 11. Bg5 Re8 12. h3 Rb8 13. Rfd1 b6 14. Rac1
Bb7 15. e4 Nd7 16. b3 Rc8 17. Qg4 Ne5 18. Qe2 Qc7 19. Be3 Bc6 20. Nd5 Bxd5 21.
exd5 Qb7 22. Bf1 Rc7 23. h4 h5 24. Bh3 b5 25. c5 dxc5 26. Bf4 e6 27. d6 Nf3+
28. Qxf3 Qxf3 29. dxc7 Qa8 30. Rxc5 f5 31. Bg5 Rc8 32. Rd8+ Kf7 33. Rd7+ Kf8
34. Bg2 Qa7 35. Be3 Bh6 36. Rxf5+ 1-0

[Event "Abierto Legislatura Norberto La Porta in memoriam"]
[Site "Buenos Aires, ARG"]
[Date "2009.04.15"]
[Round "8.17"]
[White "Dos Santos, Ramiro"]
[Black "Contessotto, Enrique"]
[Result "1-0"]
[WhiteElo "2441"]
[BlackElo "2124"]

1. e4 e5 2. Nf3 Nc6 3. Bb5 a6 4. Ba4 Nf6 5. O-O Be7 6. Re1 b5 7. Bb3 d6 8. c3
O-O 9. h3 Na5 10. Bc2 c5 11. d4 Qc7 12. Nbd2 cxd4 13. cxd4 Bb7 14. d5 Rac8
15. Bd3 Nd7 16. Nf1 Nc5 17. Bb1 Nc4 18. b3 Nb6 19. Ng3 g6 20. Bh6 Rfe8 21. Qd2
Ncd7 22. Ne2 Nf8 23. Bd3 Qd7 24. Nh2 f5 25. f4 Bf6 26. fxe5 Bxe5 27. exf5
Bxa1 28. Rxa1 Nxd5 29. Rf1 Qe7 30. Ng4 gxf5 31. Rxf5 Ng6 32. Qb2 Ne5 33. Nxe5
dxe5 34. Be4 Rc7 35. Qd2 Nf4 36. Bxb7 Rxb7 37. Nxf4 exf4 38. Qd5+ 1-0

[Event "Abierto Legislatura Norberto La Porta in memoriam"]
[Site "Buenos Aires, ARG"]
[Date "2009.04.15"]
[Round "8.18"]
[White "Ruperez, Miguel Angel"]
[Black "Liascovich, Lucas"]
[Result "0-1"]
[WhiteElo "2118"]
[BlackElo "2439"]

1. d4 Nf6 2. Nf3 g6 3. g3 Bg7 4. Bg2 c5 5. d5 d6 6. c4 O-O 7. Nc3 e6 8. O-O
exd5 9. cxd5 Re8 10. Nd2 a6 11. a4 Nbd7 12. Nc4 Nb6 13. Ne3 Ng4 14. Nxg4 Bxg4
15. h3 Bd7 16. e4 Qc7 17. g4 Nc4 18. Qc2 b5 19. Ne2 Nb6 20. axb5 axb5 21.
Rxa8 Rxa8 22. f4 b4 23. e5 Re8 24. Ng3 dxe5 25. f5 c4 26. Be3 e4 27. d6 Qxd6 28.
Nxe4 Qc7 29. Bf4 Qa7 30. Qf2 Bc6 31. Nd6 Bxg2 32. Kxg2 Rd8 33. fxg6 hxg6 34.
Kh2 c3 35. bxc3 bxc3 36. Qc5 Qa2+ 37. Rf2 Na4 38. Rxa2 Nxc5 39. Kg2 Nd3 40.
Bg3 Nb4 41. Ra7 c2 42. Rc7 Bb2 43. Bf4 Nd5 44. Rxc2 Nxf4+ 45. Kf3 Rxd6 46.
Kxf4 Bf6 47. Re2 g5+ 48. Kg3 Kg7 49. Kg2 Rd3 50. Kh2 Kg6 51. Kg2 Rb3 52. Kh2
Bd8 53. Rc2 Bf6 54. Re2 Rb5 55. Re3 Be5+ 56. Kg2 Bf4 57. Rd3 Rb2+ 58. Kf3 Rh2
59. Ke4 Rg2 60. Rd8 Re2+ 0-1

[Event "Abierto Legislatura Norberto La Porta in memoriam"]
[Site "Buenos Aires, ARG"]
[Date "2009.04.15"]
[Round "8.19"]
[White "Lopez Rebert, Pablo"]
[Black "Julia, Ernesto"]
[Result "0-1"]
[WhiteElo "2107"]
[BlackElo "2371"]

1. e4 e5 2. Nf3 Nc6 3. d4 exd4 4. Nxd4 Bb4+ 5. Bd2 Be7 6. Be3 Nf6 7. Bd3 d5
8. exd5 Nxd5 9. Nxc6 bxc6 10. Bd2 O-O 11. O-O Rb8 12. b3 Bf6 13. c3 Re8 14.
Na3 Nxc3 15. Qf3 Qd5 16. Rae1 Be6 17. Qg3 Qd6 18. Bf4 Qxa3 19. Bxc7 Rbc8 20.
Re5 Nd5 21. Rh5 Nxc7 22. Bxh7+ Kf8 23. Re1 Bg4 0-1

[Event "Abierto Legislatura Norberto La Porta in memoriam"]
[Site "Buenos Aires, ARG"]
[Date "2009.04.15"]
[Round "8.20"]
[White "Cabrera Pando, Ramiro"]
[Black "Nedilski, Diego"]
[Result "0-1"]
[WhiteElo "2104"]
[BlackElo "2290"]

1. b3 e5 2. Bb2 d6 3. e3 Nc6 4. g3 Nf6 5. Bg2 Bg4 6. Ne2 Qd7 7. h3 Be6 8. d3
Be7 9. Qd2 d5 10. f4 Bb4 11. Bc3 Bd6 12. fxe5 Nxe5 13. Bxe5 Bxe5 14. d4 Bd6
15. Nbc3 O-O-O 16. Nf4 g5 17. Nfe2 c6 18. Na4 Qc7 0-1

[Event "Abierto Legislatura Norberto La Porta in memoriam"]
[Site "Buenos Aires, ARG"]
[Date "2009.04.15"]
[Round "8.21"]
[White "Ponzo, Fabian Alejandro"]
[Black "Cuevas, Alex"]
[Result "0-1"]
[WhiteElo "2097"]
[BlackElo "2244"]

1. c4 c5 2. Nf3 g6 3. d4 Bg7 4. Nc3 cxd4 5. Nxd4 Nc6 6. e3 Nxd4 7. exd4 Nf6
8. Be2 O-O 9. O-O d5 10. c5 b6 11. b4 a5 12. Ba3 Ne4 13. Nb5 axb4 14. Bxb4
bxc5 15. dxc5 Bxa1 16. Qxa1 Ba6 17. a4 Bxb5 18. Bxb5 Qc7 19. Qd4 Rfd8 20. Re1 e5
21. Qe3 f6 22. h4 Kg7 23. g4 f5 24. f3 d4 25. Qb3 Nxc5 26. Qc4 Rac8 27. gxf5
gxf5 28. Kf2 Ne4+ 29. fxe4 Qxc4 30. Bxc4 Rxc4 0-1

[Event "Abierto Legislatura Norberto La Porta in memoriam"]
[Site "Buenos Aires, ARG"]
[Date "2009.04.15"]
[Round "8.22"]
[White "Converset, Juan Jose"]
[Black "Fernandez, Jose Luis"]
[Result "1-0"]
[WhiteElo "2239"]
[BlackElo "2117"]

1. e4 g6 2. d4 Bg7 3. Nc3 c6 4. h4 h5 5. Bc4 d6 6. Nh3 Bg4 7. Qd3 d5 8. exd5
Bf5 9. Qd1 Nf6 10. dxc6 Nxc6 11. d5 Nb4 12. Bb3 O-O 13. a3 Na6 14. Be3 Qa5
15. Qd2 Rfd8 16. Ng5 e6 17. O-O-O b5 18. Qe2 b4 19. dxe6 bxc3 20. exf7+ Kh8 21.
Rxd8+ Rxd8 22. Bd4 Ne4 23. Bxg7+ Kxg7 24. Nxe4 cxb2+ 25. Kxb2 Qe5+ 26. Nc3
Qf6 27. Re1 Nc5 28. Qe5 Nxb3 29. Qxf6+ Kxf6 30. Re8 1-0

[Event "Abierto Legislatura Norberto La Porta in memoriam"]
[Site "Buenos Aires, ARG"]
[Date "2009.04.15"]
[Round "8.23"]
[White "Krysa, Leandro"]
[Black "Mashal, Ruben"]
[Result "1-0"]
[WhiteElo "2238"]
[BlackElo "2066"]

1. d4 Nf6 2. c4 c5 3. d5 e5 4. Nc3 d6 5. e4 Be7 6. Nf3 O-O 7. h3 Na6 8. Bd3
Nc7 9. a3 Nfe8 10. g4 Bd7 11. b4 a6 12. Be3 b6 13. Qd2 Kh8 14. Ke2 Nf6 15. Nh2
Ng8 16. Rab1 Ne8 17. bxc5 bxc5 18. Bc2 g6 19. Na4 f5 20. f3 f4 21. Bf2 Bh4
22. Qe1 Bxf2 23. Kxf2 Bxa4 24. Bxa4 Rb8 25. Ke2 Nef6 26. Qc3 Qc7 27. Bc2 Ne7
28. Rhd1 Kg7 29. Nf1 h5 30. g5 Nh7 31. h4 Rfd8 32. Nd2 Kf7 33. Nb3 Nf8 34. Nc1
Rxb1 35. Bxb1 Rb8 36. Nd3 Nd7 37. Bc2 Nc8 38. Ba4 Rb6 39. Kd2 Nb8 40. Kc2
Qe7 41. Re1 Nd7 42. Qa5 Qd8 43. Qc3 Qe7 44. Nc1 Nb8 45. Nb3 Qc7 46. Nc1 Qe7 47.
Rd1 Qc7 48. Rd2 Qe7 49. Qa5 Qb7 50. Kd1 Ke7 51. Qc3 Kf7 52. Nb3 Qc7 53. Rb2
Ke7 54. Qa5 Kd8 55. Kc1 Rb7 56. Qxc7+ Kxc7 57. Be8 Ne7 58. Nxc5 Rxb2 59. Ne6+
Kc8 60. Kxb2 a5 61. c5 dxc5 62. d6 Nec6 63. Bxc6 Nxc6 64. Nf8 Nd4 65. Nxg6
Nxf3 66. Nxf4 Nxh4 67. g6 Nxg6 68. Nxg6 Kd7 69. Nxe5+ Kxd6 70. Nf3 h4 71. Nxh4
Ke5 72. Kc3 Kxe4 73. Kc4 Ke3 74. Kxc5 Kd3 75. Kb5 Kc3 76. Kxa5 Kb3 77. a4
1-0